| 000 | 00681cam a2200241 4500500 | ||
|---|---|---|---|
| 005 | 20260329005217.0 | ||
| 041 | _afre | ||
| 042 | _adc | ||
| 100 | 1 | 0 |
_aDurand, Jean-Marie _eauthor |
| 245 | 0 | 0 | _aEthnographies des mondes à venir |
| 260 | _c2022. | ||
| 500 | _a62 | ||
| 690 | _aAnthropologie | ||
| 690 | _aBande dessinée | ||
| 690 | _aCrise | ||
| 690 | _aExtinction | ||
| 690 | _aHistoire | ||
| 690 | _aLiens | ||
| 690 | _aPhilippe Descola | ||
| 690 | _aVivant | ||
| 786 | 0 | _nPhilosophie magazine | 164 | 11 | 2022-11-01 | p. 66-66 | 1951-1787 | |
| 856 | 4 | 1 | _uhttps://shs.cairn.info/magazine-philosophie-magazine-2022-11-page-66?lang=fr&redirect-ssocas=7080 |
| 999 |
_c1841352 _d1841352 |
||